00756nam a2200205 i 450000100060000000300090000600500170001500700030003200800410003510000420007624500700011825000120018826000470020030000330024749000460028083000540032685200320038099900170041295201210042937727ES-MaACL20230906155631.0t|030221s1956 sp ||||1| spa d1 aCaballero Calderón, Eduardo.93310010aSuramérica, tierra del hombre / cEduardo Caballero Calderón. a2ª ed. aMadrid : bGuadarrama, c1956 (fCastilla) a312 p., 15 lám. ; c24 cm.1 aColección Del Pirineo a los Andes ; v20 aColección Del Pirineo a los Andes ; v29229654 aES-MaACLjC-10889 bR.38741 c37727d37727 00104070aATENEOMbATENEOMcSPALd2008-01-17eSCl0oC-10889p1039715r2023-02-23 00:00:00w2023-02-23yMONOGRAFIA